000 00321nam a22001337a 4500
008 170130b xxu||||| |||| 00| 0 eng d
020 _a9780323023979
041 _aeng
080 _26TH
_a61
100 _a3
101 _aSHMI
245 _aPRACTICAL GUIDE TO THE CARE OF THE MEDICALPATIENT
_cFERRI, F.F
942 _2udc
_cBK
999 _c3996
_d3996